| 000 | 00665nam a2200217 a 4500 | ||
|---|---|---|---|
| 008 | |||
| 020 | _a9780797448698 (pbk.) | ||
| 049 | _aMAIN | ||
| 090 |
_aREF LB2801 _bMAG |
||
| 100 | 1 | _aMagadzire, Jeremiah D. | |
| 245 | 0 |
_aDictionary of educational and management terms / _cJeremiah D. Magadzire. |
|
| 260 |
_aGweru : _bMambo Press, _c2012. |
||
| 300 |
_a309 p. : _bill. ; _c20 cm. |
||
| 500 | _alncludes bibliographical references. | ||
| 650 |
_aManagement terms _vdictionary. |
||
| 907 |
_a.b10323557 _b03-06-13 _c04-12-12 |
||
| 003 | |||
| 005 | 20230123125506.0 | ||
| 040 | _cNUST | ||
| 942 |
_cBOOKS _kREF LB2801 _mMAG |
||
| 999 |
_c142484 _d142484 |
||